| 000 | 00000nam##2200000za#4500 |
| 001 | 9.696552 |
| 003 | CaOODSP |
| 005 | 20210624235103 |
| 007 | cr ||||||||||| |
| 008 | 150407|1991||||xxc|||||o f|0| 0 eng|d |
| 040 | |aCaOODSP|beng |
| 043 | |an-cn--- |
| 086 | 1 |aH68-28/1991E-PDF |
| 110 | 1 |aCanada.|bNational Council of Welfare. |
| 245 | 14|aThe Canada Assistance Plan - no time for cuts |h[electronic resource] |
| 260 | |aOttawa - Ontario : |bNational Council of Welfare |c1991. |
| 300 | |a33p.|bgraphs, tables |
| 500 | |aErratum sheet inserted. |
| 500 | |aThe catalogue number (H68-28/1991E) and ISBN (0-662-18600-1) for the print edition have been incorrectly copied in this electronic publication. |
| 590 | |a12-35-Supp|b2012-08-09 |
| 690 | 07|aWelfare|2gcpds |
| 775 | 08|tL'inopportunité des réductions proposées au Régime d'assistance publique du Canada |w(CaOODSP)9.640661 |
| 776 | 0#|tThe Canada Assistance Plan: no time for cuts |w(CaOODSP)9.644817 |
| 856 | 40|ahttp://publications.gc.ca|qPDF|s1.19 MB|uhttps://publications.gc.ca/collections/collection_2012/cnb-ncw/H68-28-1991-eng.pdf |